Wiedza ogólna o świecie #2 - Statystyki

Ogólne statystyki
  • Ten quiz został rozwiązany 102 razy
  • Średni wynik to 11 z 15
Statystyki odpowiedzi
Zagadnienie Odpowiedź % Poprawnych
Który kontynent jest najzimniejszy? Antarktyda
100%
Jak nazywa się najdłuższy mur na świecie? Wielki Mur Chiński
100%
Kto napisał „Hamleta”? William Shakespeare
95%
Ile wynosi pierwiastek kwadratowy z 144? 12
89%
Które zwierzę jest największym ssakiem na świecie? Płetwal błękitny
87%
Jaki jest symbol chemiczny złota? Au
82%
Który gaz dominuje w atmosferze Ziemi? Azot
74%
Jaką walutą płaci się w Japonii? Jen
74%
Który pierwiastek jest podstawowym składnikiem diamentów? Węgiel
74%
Który kraj ma największą liczbę ludności na świecie? Indie
61%
Który kraj produkuje najwięcej kawy na świecie? Brazylia
58%
Który język ma najwięcej rodzimych użytkowników na świecie? Mandaryński
55%
Które miasto nazywane jest „Wielkim Jabłkiem”? Nowy Jork
55%
W którym roku odbyły się pierwsze nowożytne igrzyska olimpijskie? 1896
53%
Jak nazywa się największa pustynia na świecie? Antarktyczna
39%
Nie znaleziono quizów pasujących do podanych kryteriów
Rozkład punktacji
Procent ludzi z każdym wynikiem
Percentyl według liczby udzielonych odpowiedzi
Twoja historia wyników
Nie rozwiązałeś tego quizu